Indexing and abstracting in theory and practice

Αποθηκεύτηκε σε:
Λεπτομέρειες βιβλιογραφικής εγγραφής
Κύριος συγγραφέας: Lancaster, F. Wilfrid (Frederick Wilfrid) 1933-
Μορφή: Βιβλίο
Γλώσσα:English
Δημοσίευση: London : Library Association Publishing, c1998
Θέματα:
Ετικέτες: Προσθήκη ετικέτας
Δεν υπάρχουν, Καταχωρήστε ετικέτα πρώτοι!

MARC

LEADER 00000nam a2200000 i 4500
001 1/83122
008 990528s1998 eng d
020 |a 1-85604-004-6 
035 |l 10051270 
040 |a GR-MY-UA  |b gre  |e aacr 
041 0 |a eng 
082 0 |a 025.3 
100 1 |a Lancaster, F. Wilfrid (Frederick Wilfrid)  |d 1933- 
245 1 0 |a Indexing and abstracting in theory and practice /  |c F. W. Lancaster 
260 |a London :   |b Library Association Publishing,   |c c1998 
300 |a 412 p. 
504 |a Includes bibliographical references and index 
650 0 0 |a Indexing. 
650 0 0 |a Abstracting. 
852 |a INST  |b LESVOS  |e 19990528  |h 025.3 LAN  |p 005100016053  |q 005100016053  |t BK  |y 0 
901 |a BIBL1-1999-2 
909 |a Λ  |b 062419 
922 |a 1ΕΛΗ  |b 199812  |c ΚΠΣ/ΚΥΒ  |d LEADER 
950 |a 023-1998-09-14